BIBLIOTECA PODER JUDICIAL
Portal Judicial TDF

El principio de vulnerabilidad como límite al principio de autosuficiencia de los excónyuges en los alimentos posdivorcio / (Registro nro. 6252)

000 -LEADER
fixed length control field 01184nab a22002537a 4500
003 - CONTROL NUMBER IDENTIFIER
control field OSt
005 - DATE AND TIME OF LATEST TRANSACTION
control field 20260127223253.0
008 - FIXED-LENGTH DATA ELEMENTS--GENERAL INFORMATION
fixed length control field 190514b xxu||||| |||| 00| 0 spa d
040 ## - CATALOGING SOURCE
Transcribing agency PJ
100 ## - MAIN ENTRY--PERSONAL NAME
9 (RLIN) 6963
Personal name Ávila, María Gabriela
245 13 - TITLE STATEMENT
Title El principio de vulnerabilidad como límite al principio de autosuficiencia de los excónyuges en los alimentos posdivorcio /
Statement of responsibility, etc María Gabriela Ávila.
300 ## - PHYSICAL DESCRIPTION
Extent p. 169-179
500 ## - GENERAL NOTE
General note Cita: TR LALEY AR/DOC/2144/2025.
505 ## - FORMATTED CONTENTS NOTE
Formatted contents note Sumario: I. Introducción.— II. El caso.— III. Reseña del fallo.— IV. Marco normativo de los alimentos posteriores al divorcio.— V. Conclusiones.
505 ## - FORMATTED CONTENTS NOTE
Title Fallo comentado: CCiv., Com. y Minería, Cipolletti ~ 11/02/2025 ~ W. B. E. c. T. G. E. s/ alimentos cónyuge.
650 #0 - SUBJECT ADDED ENTRY--TOPICAL TERM
9 (RLIN) 967
Topical term or geographic name as entry element DERECHO DE FAMILIA
650 #0 - SUBJECT ADDED ENTRY--TOPICAL TERM
9 (RLIN) 4695
Topical term or geographic name as entry element SITUACIÓN DE VULNERABILIDAD
650 #0 - SUBJECT ADDED ENTRY--TOPICAL TERM
Topical term or geographic name as entry element CÓNYUGE
9 (RLIN) 5369
650 #0 - SUBJECT ADDED ENTRY--TOPICAL TERM
Topical term or geographic name as entry element ALIMENTOS
9 (RLIN) 968
650 #0 - SUBJECT ADDED ENTRY--TOPICAL TERM
Topical term or geographic name as entry element DIVORCIO
9 (RLIN) 977
650 #0 - SUBJECT ADDED ENTRY--TOPICAL TERM
9 (RLIN) 1057
Topical term or geographic name as entry element JURISPRUDENCIA APLICABLE
773 0# - HOST ITEM ENTRY
Host Biblionumber 2844
Host Itemnumber 3222
Place, publisher, and date of publication Buenos Aires : AbeledoPerrot, 1989-
Title Derecho de familia. Revista Interdisciplinaria de doctrina y jurisprudencia. Octubre 2025-V.
International Standard Book Number 18511201
942 ## - ADDED ENTRY ELEMENTS (KOHA)
Source of classification or shelving scheme
Koha item type Analítica Artículo de Revista

No hay ítems disponibles.

12 de Octubre 789 Ushuaia - Tel:  54(02901)441571
Horario de Atención: 8.00 a 17.00 hs. 
bibliotecaush@justierradelfuego.gov.ar
koha@justierradelfuego.gov.ar
Seguinos en nuestras redes @bibliojustdf 

Con tecnología Koha